000 00847nam a2200253Ia 4500
003 OSt
005 20220923215113.0
006 a|||||r|||| 00| 0
007 ta
008 220922b |||||||| |||| 00| 0 hin d
024 _a175,620
037 _cTextual
040 _aARTS
_cARTS
_bhin
041 _2hin
_ahin
082 _aO152,1:gI, L4
100 _aहरीश, हरिशंकर
245 0 _aआदिकाल के अज्ञात हिन्दी रास काव्य
246 _aĀdikāl ke ajnyāt hindī rās kāvya
260 _aजयपुर
_b मंगल प्रकाशन
_c1974
300 _a172 पृ.
_ccm.
650 _aहिन्दी साहित्य
_9156264
942 _hO152,1:gI, L4
_cTEXL
_2CC
999 _c329324
_d329324